The Foreign Service of the United States; (Record no. 89987)

MARC details
000 -LEADER
fixed length control field 01042cam a22002651 4500
001 - CONTROL NUMBER
control field sd 48000050
003 - CONTROL NUMBER IDENTIFIER
control field DLC
005 - DATE AND TIME OF LATEST TRANSACTION
control field 20260227112735.0
008 - FIXED-LENGTH DATA ELEMENTS--GENERAL INFORMATION
fixed length control field 840619s1948 dcu f000 0 eng c
010 ## - LIBRARY OF CONGRESS CONTROL NUMBER
LC control number sd 48000050
035 ## - SYSTEM CONTROL NUMBER
System control number (OCoLC)10861634
040 ## - CATALOGING SOURCE
Original cataloging agency U.S. Dept. of State. Library
Transcribing agency NRU
Modifying agency NRU
-- DLC
042 ## - AUTHENTICATION CODE
Authentication code premarc
050 00 - LIBRARY OF CONGRESS CALL NUMBER
Classification number JX1706.Z6
Item number A5 1948
082 ## - DEWEY DECIMAL CLASSIFICATION NUMBER
Classification number 351.3
110 1# - MAIN ENTRY--CORPORATE NAME
Corporate name or jurisdiction name as entry element United States.
Subordinate unit Department of State.
245 14 - TITLE STATEMENT
Title The Foreign Service of the United States;
Remainder of title educational preparation for foreign service officers and entrance examinations.
260 ## - PUBLICATION, DISTRIBUTION, ETC.
Place of publication, distribution, etc. Washington,
Name of publisher, distributor, etc. U.S. Govt. Print. Off.,
Date of publication, distribution, etc. 1948.
300 ## - PHYSICAL DESCRIPTION
Extent iii, 81 p.
Dimensions 24 cm.
490 1# - SERIES STATEMENT
Series statement Its Publications
Volume/sequential designation 2991.
Series statement Department and foreign service series,
Volume/sequential designation 1
650 #0 - SUBJECT ADDED ENTRY--TOPICAL TERM
Topical term or geographic name entry element Diplomatic and consular service, American.
650 #0 - SUBJECT ADDED ENTRY--TOPICAL TERM
Topical term or geographic name entry element Civil service
Geographic subdivision United States
General subdivision Examinations.
810 1# - SERIES ADDED ENTRY--CORPORATE NAME
Corporate name or jurisdiction name as entry element United States.
Subordinate unit Department of State.
Title of a work Publication ;
Volume/sequential designation 2991.
810 1# - SERIES ADDED ENTRY--CORPORATE NAME
Corporate name or jurisdiction name as entry element United States.
Subordinate unit Department of State.
Title of a work Department and Foreign Service series ;
Volume/sequential designation 1.

No items available.

Powered by Koha